[Event "Catanzaro Province-ch"]
[Site "Catanzaro"]
[Date "2013.01.20"]
[Round "5"]
[White "Miceli, Claudio"]
[Black "Grillo, Gianluca"]
[Result "1-0"]
[WhiteElo "1455"]
[BlackElo "1335"]
[PlyCount "73"]
[EventDate "2013.01.18"]
[EventType "swiss"]
[EventRounds "5"]
[EventCountry "ITA"]
[SourceTitle "EXT 2014"]
[Source "ChessBase"]
[SourceDate "2013.11.20"]
[SourceVersion "1"]
[SourceVersionDate "2013.11.20"]
[SourceQuality "1"]

1. e4 d6 2. d4 g6 3. Nf3 Bg7 4. Be3 Nf6 5. Nc3 a6 6. h3 b5 7. Bd3 Bb7 8. 0-0 0-0 9. Re1 b4 10. Ne2 Nxe4 11. Bxe4 Bxe4 12. Ng3 f5 13. Nxe4 fxe4 14. Nd2 d5 15. Nb3 Qd6 16. Qd2 Nc6 17. Bh6 Qf6 18. Bxg7 Kxg7 19. Qe3 e5 20. dxe5 Nxe5 21. Re2 Nc4 22. Qc5 Rf7 23. Qxd5 Qxb2 24. Rd1 Nb6 25. Qxe4 Qf6 26. Qxb4 Rd8 27. Rxd8 Qxd8 28. Qc3+ Kg8 29. Qe1 Rf8 30. Kf1 Qc8 31. Nd4 Nd5 32. Nc6 Qd7 33. Ne7+ Nxe7 34. Rxe7 Qd8 35. Qe6+ Kh8 36. Qe5+ Kg8 37. Qg7# 1-0